[Event "FB23 2324 SV 1920 Hofheim - FC Bayern M"]
[Site "?"]
[Date "2023.10.14"]
[Round "1.1"]
[White "Gueci, Tea"]
[Black "Kushka, Alena"]
[Result "1/2-1/2"]
[WhiteElo "2149"]
[BlackElo "2172"]
[PlyCount "95"]
[EventDate "2023.??.??"]
[SourceVersion "1"]
[SourceVersionDate "2023.02.20"]
[SourceQuality "1"]

1. e4 c5 2. Nf3 Nc6 3. Bb5 g6 4. Bxc6 dxc6 5. d3 Bg7 6. h3 e5 7. a4 a5 8. Be3 b6 9. Na3 Ba6 10. Qe2 Qe7 11. Nc4 Bxc4 12. dxc4 Nf6 13. Bg5 O-O-O 14. O-O h6 15. Bxf6 Bxf6 16. c3 g5 17. Rfd1 Qe6 18. Nh2 h5 19. b3 Rdg8 20. Rd3 Bd8 21. g4 hxg4 22. Qxg4 Rh4 23. Qxe6+ fxe6 24. Ng4 Bc7 25. Rad1 Rgh8 26. Kg2 R4h7 27. Rf3 Rg7 28. Rf6 Re8 29. Rd3 Bd8 30. Rh6 Bc7 31. Rf3 Ree7 32. Rff6 Kd7 33. Rfg6 Rgf7 34. Rxg5 Rf4 35. f3 Ref7 36. Nh2 Bd6 37. Rgg6 Bf8 38. Rh8 Kd6 39. h4 b5 40. Rg4 b4 41. cxb4 cxb4 42. Rh5 Kc5 43. Rxf4 Rxf4 44. Ng4 Bd6 45. Ne3 Kd4 46. c5 Bc7 47. Nd1 Kxc5 48. Rh7 1/2-1/2

[Event "FB23 2324 SV 1920 Hofheim - FC Bayern M"]
[Site "?"]
[Date "2023.10.14"]
[Round "1.2"]
[White "Rieseler, Caroline"]
[Black "Khrapko, Marharyta"]
[Result "0-1"]
[WhiteElo "2107"]
[BlackElo "2170"]
[PlyCount "72"]
[EventDate "2023.??.??"]
[SourceVersion "1"]
[SourceVersionDate "2023.02.20"]
[SourceQuality "1"]

1. e4 c5 2. Nf3 Nc6 3. d4 cxd4 4. Nxd4 e5 5. Nb5 d6 6. N1c3 a6 7. Na3 Be7 8. Nc4 b5 9. Ne3 Nf6 10. Bd3 O-O 11. a4 Bb7 12. O-O Nb4 13. axb5 axb5 14. Rxa8 Bxa8 15. Qf3 Nxd3 16. cxd3 b4 17. Ne2 g6 18. Qg3 Nh5 19. Qg4 Nf6 20. Qg3 Nh5 21. Qg4 Bg5 22. Nc4 Bxc1 23. Rxc1 d5 24. Nxe5 dxe4 25. dxe4 Qd2 26. Nc4 Qd3 27. e5 Bd5 28. Qd4 Qxd4 29. Nxd4 Rc8 30. b3 Nf4 31. Kf1 Bxg2+ 32. Kg1 Bd5 33. Rc2 Nd3 34. Nb6 Rxc2 35. Nxc2 Bxb3 36. Nxb4 Nxb4 0-1

[Event "FB23 2324 SV 1920 Hofheim - FC Bayern M"]
[Site "?"]
[Date "2023.10.14"]
[Round "1.3"]
[White "Boric, Elena"]
[Black "Geske, Bruna"]
[Result "1-0"]
[WhiteElo "2120"]
[BlackElo "2057"]
[PlyCount "115"]
[EventDate "2023.??.??"]
[SourceVersion "1"]
[SourceVersionDate "2023.02.20"]
[SourceQuality "1"]

1. e4 c5 2. Nf3 Nc6 3. Bb5 Nd4 4. Nxd4 cxd4 5. Bc4 e6 6. O-O Ne7 7. d3 d5 8. exd5 Nxd5 9. Nd2 Nf6 10. Nf3 a6 11. Qe2 b5 12. Bb3 Bb7 13. Bg5 Be7 14. Ne5 Bd5 15. c4 dxc3 16. bxc3 Bxb3 17. axb3 Qc7 18. c4 Bd6 19. Bxf6 gxf6 20. Nf3 bxc4 21. bxc4 Rg8 22. d4 Ke7 23. c5 Bf4 24. Rxa6 Qb7 25. Rxa8 Rxa8 26. Qc4 Qc6 27. d5 Ra4 28. Qxf4 Rxf4 29. dxc6 Rc4 30. Rd1 Rxc5 31. Nd4 e5 32. Nf5+ Ke6 33. g4 Rxc6 34. Kg2 Ra6 35. f3 Rb6 36. Kg3 Ra6 37. h4 Rb6 38. h5 Ra6 39. Rd8 Rb6 40. h6 Ra6 41. Kf2 Ra2+ 42. Ke3 Ra3+ 43. Kd2 Ra2+ 44. Kc3 e4 45. f4 Ra6 46. Kd4 Ra4+ 47. Ke3 Ra3+ 48. Kxe4 Ra4+ 49. Rd4 Ra6 50. Rb4 Ra1 51. Rb6+ Kd7 52. Rxf6 Ra4+ 53. Nd4 Ke7 54. g5 Ra1 55. Nc6+ Kf8 56. Ne5 Ra5 57. Rxf7+ Kg8 58. Rg7+ 1-0

[Event "FB23 2324 SV 1920 Hofheim - FC Bayern M"]
[Site "?"]
[Date "2023.10.14"]
[Round "1.4"]
[White "Winterholler, Christina"]
[Black "Schloffer, Jasmin-Denise"]
[Result "0-1"]
[WhiteElo "2056"]
[BlackElo "2141"]
[PlyCount "84"]
[EventDate "2023.??.??"]
[SourceVersion "1"]
[SourceVersionDate "2023.02.20"]
[SourceQuality "1"]

1. c4 Nf6 2. Nf3 e6 3. e3 b6 4. b3 Bb7 5. Bb2 d5 6. Be2 Bd6 7. O-O Nbd7 8. d4 Ne4 9. Nbd2 O-O 10. Qc2 f5 11. Rad1 Rc8 12. Ne5 Nxd2 13. Qxd2 Nf6 14. Bf3 Ne4 15. Bxe4 fxe4 16. Qe2 Qg5 17. Qg4 Qh6 18. h4 Rf5 19. Qh3 Bxe5 20. dxe5 Rcf8 21. Rc1 c5 22. Rc2 Rh5 23. g3 g5 24. hxg5 Qg6 25. Qg2 Rxg5 26. Bc3 Rf3 27. Rd1 d4 28. Bd2 Rxe5 29. Rcc1 Rh5 30. b4 cxb4 31. Bxb4 Rg5 32. Bd2 d3 33. Rf1 Bc8 34. Bb4 e5 35. Be7 Rh5 36. Bh4 Rf7 37. c5 b5 38. c6 Rg7 39. Bd8 Bh3 40. c7 Rxc7 41. Rxc7 Bxg2 42. Rfc1 d2 0-1

[Event "FB23 2324 SV 1920 Hofheim - FC Bayern M"]
[Site "?"]
[Date "2023.10.14"]
[Round "1.5"]
[White "Vidonyak, Nellya"]
[Black "Barpiyeva, Gulsana"]
[Result "0-1"]
[WhiteElo "2117"]
[BlackElo "2028"]
[PlyCount "89"]
[EventDate "2023.??.??"]
[SourceVersion "1"]
[SourceVersionDate "2023.02.20"]
[SourceQuality "1"]

1. d4 Nf6 2. Nf3 g6 3. Nbd2 Bg7 4. e4 d6 5. Be2 O-O 6. O-O c5 7. dxc5 dxc5 8. c3 Nc6 9. Qc2 Qc7 10. Re1 b6 11. a4 Bb7 12. Nc4 Ng4 13. Bg5 Nce5 14. Nfxe5 Nxe5 15. Ne3 e6 16. f4 Nd7 17. e5 Nxe5 18. fxe5 Qxe5 19. h4 h6 20. Ng4 Qg3 21. Bf3 Bxf3 22. Nxh6+ Kh7 23. Re3 Qxg2+ 24. Qxg2 Bxg2 25. Nxf7 Rxf7 26. Kxg2 Raf8 27. Re2 Rf5 28. Rd1 R8f7 29. Rd6 e5 30. a5 bxa5 31. Rd5 e4 32. Rdd2 Re5 33. Rd1 Bh6 34. Bxh6 Kxh6 35. Rde1 Rfe7 36. Ra1 c4 37. Rd1 Kh5 38. Kg3 Rf5 39. Re3 g5 40. hxg5 Rxg5+ 41. Kf4 Rf7+ 42. Kxe4 Rg4+ 43. Ke5 Re7+ 44. Kf5 Rxe3 45. Rh1+ 0-1

[Event "FB23 2324 SV 1920 Hofheim - FC Bayern M"]
[Site "?"]
[Date "2023.10.14"]
[Round "1.6"]
[White "Buchholz, Maja Patricia"]
[Black "Renner, Gabriele"]
[Result "1/2-1/2"]
[WhiteElo "1874"]
[BlackElo "1950"]
[PlyCount "69"]
[EventDate "2023.??.??"]
[SourceVersion "1"]
[SourceVersionDate "2023.02.20"]
[SourceQuality "1"]

1. c4 e6 2. g3 d5 3. Bg2 Nf6 4. Nf3 Be7 5. O-O O-O 6. b3 Nbd7 7. Bb2 c6 8. d4 b6 9. Nc3 Bb7 10. Re1 c5 11. cxd5 Nxd5 12. Nxd5 Bxd5 13. e4 Bb7 14. e5 cxd4 15. Nxd4 Bxg2 16. Kxg2 Qc7 17. Rc1 Qb7+ 18. Kg1 Rac8 19. Qg4 Nc5 20. Rcd1 a5 21. Bc1 Kh8 22. Nf3 Rcd8 23. Rxd8 Rxd8 24. Ng5 Bxg5 25. Bxg5 Rg8 26. h4 Qd5 27. Qh5 Nd3 28. Rd1 Qe4 29. Qxf7 Nxe5 30. Qf4 Nf3+ 31. Kf1 Nh2+ 32. Kg1 Nf3+ 33. Kf1 Nh2+ 34. Kg1 Nf3+ 35. Kf1 1/2-1/2

[Event "FB23 2324 TSV Schott Mainz - SG Augsbur"]
[Site "?"]
[Date "2023.10.14"]
[Round "1.1"]
[White "Braun, Kristin"]
[Black "Gerlach-Buedinger, Manuela"]
[Result "1-0"]
[WhiteElo "1932"]
[BlackElo "2050"]
[PlyCount "79"]
[EventDate "2023.??.??"]
[SourceVersion "1"]
[SourceVersionDate "2023.02.20"]
[SourceQuality "1"]

1. e4 c6 2. d4 d5 3. exd5 cxd5 4. c4 Nf6 5. Nf3 e6 6. Nc3 Bb4 7. Bg5 Bxc3+ 8. bxc3 Qa5 9. Qb3 Ne4 10. cxd5 Nxg5 11. Nxg5 Qxd5 12. Qxd5 exd5 13. Bd3 h6 14. Nf3 Nc6 15. O-O O-O 16. Rab1 b6 17. Rfe1 Be6 18. Nh4 Rfe8 19. Re3 Bd7 20. Rbe1 Kf8 21. Kf1 Rxe3 22. fxe3 Re8 23. e4 dxe4 24. Bxe4 Na5 25. Bd3 Be6 26. Re2 Nc4 27. Rxe6 Rxe6 28. Bxc4 Rc6 29. Bb3 Rxc3 30. Nf3 Ke7 31. Ke2 f6 32. d5 g6 33. Nd4 a6 34. Nc6+ Kd6 35. Nb4 a5 36. Nc6 Rc5 37. Nd8 Ke7 38. Nb7 Rc8 39. d6+ Kf8 40. d7 1-0

[Event "FB23 2324 TSV Schott Mainz - SG Augsbur"]
[Site "?"]
[Date "2023.10.14"]
[Round "1.2"]
[White "Krasnopeyeva, Julia"]
[Black "Horvath, Maria"]
[Result "1-0"]
[WhiteElo "1887"]
[BlackElo "1863"]
[PlyCount "58"]
[EventDate "2023.??.??"]
[SourceVersion "1"]
[SourceVersionDate "2023.02.20"]
[SourceQuality "1"]

1. e4 e6 2. d4 d5 3. Nc3 Nf6 4. Bg5 Be7 5. e5 Nfd7 6. Bxe7 Qxe7 7. f4 a6 8. Nf3 c5 9. Ne2 cxd4 10. Qd2 Nc5 11. Ng3 Nc6 12. Nxd4 Nxd4 13. Qxd4 O-O 14. Bd3 Bd7 15. O-O Rac8 16. Rf2 Rc7 17. f5 Nxd3 18. f6 Qc5 19. Qxd3 gxf6 20. Nh5 Rfc8 21. Qg3+ Kf8 22. Qg7+ Ke8 23. Qh8+ Qf8 24. Nxf6+ Ke7 25. Qxh7 Qh8 26. Nxd5+ exd5 27. Rxf7+ Ke8 28. Qxh8+ Kxf7 29. Rf1+ Ke7 1-0

[Event "FB23 2324 TSV Schott Mainz - SG Augsbur"]
[Site "?"]
[Date "2023.10.14"]
[Round "1.3"]
[White "Kosc, Renata"]
[Black "Mader, Lena"]
[Result "1-0"]
[WhiteElo "1956"]
[BlackElo "1841"]
[PlyCount "147"]
[EventDate "2023.??.??"]
[SourceVersion "1"]
[SourceVersionDate "2023.02.20"]
[SourceQuality "1"]

1. e4 c6 2. d4 d5 3. Nc3 dxe4 4. Nxe4 Nf6 5. Nxf6+ exf6 6. Nf3 Bd6 7. Bd3 O-O 8. O-O Re8 9. Re1 Nd7 10. Rxe8+ Qxe8 11. Bd2 Nf8 12. Qe2 Qxe2 13. Bxe2 Bf5 14. c3 Re8 15. Re1 Ng6 16. g3 Kf8 17. Bf1 h6 18. Rxe8+ Kxe8 19. Ne1 Be6 20. b3 c5 21. Be3 cxd4 22. Bxd4 b6 23. f4 Ne7 24. Bb5+ Kd8 25. Nc2 Nd5 26. Ne3 Nxe3 27. Bxe3 Bd5 28. Kf2 Be4 29. Ke2 Ke7 30. Bd3 Bc6 31. Bd4 g6 32. f5 g5 33. Ke3 Be5 34. Be4 Bd7 35. Kd3 Bb5+ 36. c4 Ba6 37. a3 h5 38. Bg1 Bb2 39. a4 Be5 40. Bd5 h4 41. gxh4 gxh4 42. Ke4 Bc8 43. c5 Bc7 44. h3 Ba6 45. Kf3 Bf1 46. Kg4 Bd3 47. Bf2 Bg3 48. Bxg3 hxg3 49. Kxg3 Bxf5 50. b4 Bc8 51. h4 Kf8 52. Bc4 Kg7 53. cxb6 axb6 54. a5 bxa5 55. bxa5 Bb7 56. Kf4 Kg6 57. Bd3+ Kh5 58. Kg3 Kh6 59. Be2 Kg6 60. Kf4 Kg7 61. Bf3 Ba6 62. h5 Kh6 63. Kf5 Kg7 64. Ke4 f5+ 65. Kxf5 Kh6 66. Kf6 Bc4 67. Ke5 Kg5 68. Kd4 Ba6 69. Kc5 Kf4 70. h6 Bd3 71. a6 Kxf3 72. a7 Be4 73. h7 Bxh7 74. a8=Q+ 1-0

[Event "FB23 2324 TSV Schott Mainz - SG Augsbur"]
[Site "?"]
[Date "2023.10.14"]
[Round "1.4"]
[White "Katte, Isabel"]
[Black "Kurapova, Olga"]
[Result "0-1"]
[WhiteElo "1904"]
[BlackElo "1943"]
[PlyCount "58"]
[EventDate "2023.??.??"]
[SourceVersion "1"]
[SourceVersionDate "2023.02.20"]
[SourceQuality "1"]

1. e4 e5 2. Nf3 Nc6 3. Nc3 Nf6 4. g3 d6 5. Bg2 Bg4 6. d3 Be7 7. O-O Qd7 8. Be3 Bh3 9. Bxh3 Qxh3 10. Ng5 Qd7 11. Nd5 Nxd5 12. exd5 Nd4 13. c3 Nf5 14. Bd2 h5 15. h4 Bxg5 16. Bxg5 f6 17. Bd2 O-O-O 18. Kg2 g5 19. hxg5 fxg5 20. Bxg5 Rdg8 21. Qd2 h4 22. Rh1 Qg7 23. f4 Nxg3 24. Rh3 exf4 25. Qxf4 Qxg5 26. Qxg5 Rxg5 27. Re1 Rf8 28. Re6 Nf1+ 29. Kh1 Rfg8 0-1

[Event "FB23 2324 SC NT Nürnberg - SK 1980 Gern"]
[Site "?"]
[Date "2023.10.14"]
[Round "1.1"]
[White "Groeschel, Karoline"]
[Black "Hrebenshchykova, Yelyzaveta"]
[Result "0-1"]
[WhiteElo "1990"]
[BlackElo "2299"]
[PlyCount "86"]
[EventDate "2023.??.??"]
[SourceVersion "1"]
[SourceVersionDate "2023.02.20"]
[SourceQuality "1"]

1. e4 e5 2. Nf3 Nc6 3. Bb5 a6 4. Ba4 Nf6 5. O-O Be7 6. Re1 b5 7. Bb3 d6 8. c3 O-O 9. h3 Re8 10. d4 Bb7 11. Nbd2 Bf8 12. a4 Na5 13. Bc2 c5 14. d5 c4 15. Nf1 Nd7 16. Be3 Qc7 17. g4 Nc5 18. N3d2 Bc8 19. Ng3 Bd7 20. axb5 axb5 21. Nf5 Reb8 22. Qe2 b4 23. Bxc5 Qxc5 24. Ne3 Bb5 25. Ba4 Ba6 26. Reb1 Rb6 27. Nef1 bxc3 28. bxc3 Nb3 29. Nxb3 cxb3 30. Qb2 Bd3 31. Bxb3 Rab8 32. Nd2 Bxb1 33. Rxb1 Be7 34. Qc2 h6 35. c4 Bg5 36. Nf3 Qa3 37. Nxg5 hxg5 38. Ba2 Rxb1+ 39. Bxb1 Qa1 40. Kg2 Rxb1 41. c5 Rg1+ 42. Kh2 Rh1+ 43. Kg2 Qf1+ 0-1

[Event "FB23 2324 SC NT Nürnberg - SK 1980 Gern"]
[Site "?"]
[Date "2023.10.14"]
[Round "1.2"]
[White "Birkholz, Olga"]
[Black "Ries, Jutta"]
[Result "1-0"]
[WhiteElo "1991"]
[BlackElo "2019"]
[PlyCount "71"]
[EventDate "2023.??.??"]
[SourceVersion "1"]
[SourceVersionDate "2023.02.20"]
[SourceQuality "1"]

1. d4 Nf6 2. g3 g6 3. Bg2 Bg7 4. h4 c6 5. e4 d6 6. Ne2 Na6 7. Nbc3 e5 8. O-O O-O 9. Bg5 Qb6 10. dxe5 dxe5 11. Qd6 Qc7 12. Rad1 Be6 13. b3 Rfe8 14. Qa3 Nd7 15. Qc1 f6 16. Be3 Rad8 17. f4 b6 18. f5 Bf7 19. Bh3 Nf8 20. Qa3 Nb8 21. g4 gxf5 22. gxf5 Bh5 23. Kf2 Rxd1 24. Rxd1 Re7 25. Rg1 Bxe2 26. Kxe2 Kh8 27. Kf3 Qd8 28. Bf1 Rd7 29. Be2 Qe8 30. Kf2 Qe7 31. Qb2 Rd8 32. a4 Qb4 33. Bc4 Nfd7 34. h5 c5 35. h6 Bxh6 36. Bxh6 1-0

[Event "FB23 2324 SC NT Nürnberg - SK 1980 Gern"]
[Site "?"]
[Date "2023.10.14"]
[Round "1.3"]
[White "Blaschke, Franziska"]
[Black "Albayrak, Nese Pinar"]
[Result "1/2-1/2"]
[WhiteElo "1849"]
[BlackElo "1904"]
[PlyCount "95"]
[EventDate "2023.??.??"]
[SourceVersion "1"]
[SourceVersionDate "2023.02.20"]
[SourceQuality "1"]

1. e4 e5 2. Nf3 Nc6 3. Nc3 Nf6 4. d4 exd4 5. Nxd4 Bb4 6. Nxc6 bxc6 7. Bd3 d5 8. exd5 cxd5 9. O-O O-O 10. Bg5 Bb7 11. Qf3 Be7 12. Rad1 Rb8 13. Qe2 d4 14. Bxf6 Bxf6 15. Ne4 Be7 16. b3 Qd5 17. f3 Rfe8 18. Qf2 Qa5 19. a4 Bxe4 20. Bxe4 d3 21. Kh1 dxc2 22. Qxc2 h6 23. Bd5 Bd6 24. Qf5 Re5 25. Qxf7+ Kh8 26. Be4 Rg5 27. Rd5 Rxd5 28. Qxd5 Qxd5 29. Bxd5 Re8 30. Bc4 Bb4 31. g3 Re3 32. Kg2 Kh7 33. Rd1 Kg6 34. f4 Kf6 35. Kf2 Bc5 36. Kg2 Bd6 37. h3 Rc3 38. Rd2 Re3 39. Rd5 g6 40. Ra5 h5 41. Rxa7 h4 42. gxh4 Bxf4 43. a5 Rg3+ 44. Kf1 Rxh3 45. a6 Rxh4 46. Ra8 Bd6 47. Rb8 Bc5 48. Rb7 1/2-1/2

[Event "FB23 2324 SC NT Nürnberg - SK 1980 Gern"]
[Site "?"]
[Date "2023.10.14"]
[Round "1.4"]
[White "Albayrak, Berrak"]
[Black "Mueller, Manon"]
[Result "1/2-1/2"]
[WhiteElo "1674"]
[BlackElo "1761"]
[PlyCount "34"]
[EventDate "2023.??.??"]
[SourceVersion "1"]
[SourceVersionDate "2023.02.20"]
[SourceQuality "1"]

1. e4 d5 2. exd5 Qxd5 3. Nc3 Qd6 4. g3 Nf6 5. Bg2 c6 6. Nge2 Bg4 7. d3 Bxe2 8. Qxe2 g6 9. Bf4 Qd8 10. O-O Bg7 11. Rae1 e6 12. Qd2 O-O 13. Bh6 Nbd7 14. b4 Nd5 15. Bxg7 Kxg7 16. Ne4 a5 17. a3 axb4 1/2-1/2

[Event "FB23 2324 SC NT Nürnberg - SK 1980 Gern"]
[Site "?"]
[Date "2023.10.14"]
[Round "1.5"]
[White "Mao, Yvonne"]
[Black "Braeuer, Vanessa"]
[Result "0-1"]
[WhiteElo "1796"]
[BlackElo "1860"]
[PlyCount "79"]
[EventDate "2023.??.??"]
[SourceVersion "1"]
[SourceVersionDate "2023.02.20"]
[SourceQuality "1"]

1. e4 c5 2. Ne2 g6 3. c4 Bg7 4. d4 cxd4 5. Nxd4 Qb6 6. Nb3 Nf6 7. Be3 Qc6 8. f3 O-O 9. Nc3 e6 10. Nd4 Qc7 11. Ncb5 Qa5+ 12. Bd2 Qb6 13. Bb4 a6 14. Bxf8 Bxf8 15. Nc3 Qxb2 16. Qc1 Ba3 17. Nce2 Qb4+ 18. Qd2 Qxc4 19. Nc2 Bb2 20. Rd1 Nc6 21. Ne3 Qxa2 22. Nc4 Qxc4 23. Qxb2 Qb4+ 24. Qxb4 Nxb4 25. Nc3 d5 26. exd5 exd5 27. Rd2 Bf5 28. g4 d4 29. Na4 Bd7 30. Nb6 Rd8 31. Nxd7 Nxd7 32. Bc4 Ne5 33. Be2 d3 34. Kf2 Nc4 35. Rdd1 Rd4 36. Rhe1 b5 37. Bf1 f5 38. gxf5 gxf5 39. Rb1 Na2 40. Rb3 0-1

[Event "FB23 2324 SC NT Nürnberg - SK 1980 Gern"]
[Site "?"]
[Date "2023.10.14"]
[Round "1.6"]
[White "Loebel, Petra"]
[Black "Lerch, Cornelia"]
[Result "1/2-1/2"]
[WhiteElo "1851"]
[BlackElo "1811"]
[PlyCount "46"]
[EventDate "2023.??.??"]
[SourceVersion "1"]
[SourceVersionDate "2023.02.20"]
[SourceQuality "1"]

1. e4 d5 2. exd5 Qxd5 3. Nf3 Bg4 4. Be2 c6 5. d4 Nf6 6. O-O e6 7. Re1 Be7 8. c4 Qd8 9. b3 O-O 10. Bb2 Nbd7 11. Nbd2 c5 12. Nf1 cxd4 13. Nxd4 Bxe2 14. Qxe2 Qb6 15. Ne3 Rad8 16. h3 Bb4 17. Red1 Ne4 18. Rac1 Ndf6 19. Rd3 Nc5 20. Rdd1 Nce4 21. Rd3 Nc5 22. Rdd1 Nce4 23. Rd3 Nc5 1/2-1/2

[Event "FB23 2324 SC Bavaria Regensburg 1881 - S"]
[Site "?"]
[Date "2023.10.14"]
[Round "1.1"]
[White "Leser, Katrin"]
[Black "Arnhold, Steffi"]
[Result "1/2-1/2"]
[WhiteElo "1999"]
[BlackElo "2142"]
[PlyCount "145"]
[EventDate "2023.??.??"]
[SourceVersion "1"]
[SourceVersionDate "2023.02.20"]
[SourceQuality "1"]

1. e4 c5 2. Nf3 e6 3. d4 cxd4 4. Nxd4 a6 5. c4 Qc7 6. Nc3 Nf6 7. Be3 Be7 8. Be2 d6 9. O-O O-O 10. Rc1 Nbd7 11. f3 b6 12. Qd2 Bb7 13. g4 Rac8 14. g5 Ne8 15. b3 Qb8 16. f4 g6 17. f5 exf5 18. exf5 Ne5 19. f6 Bd8 20. Nd5 Bxd5 21. cxd5 b5 22. Nc6 Nxc6 23. dxc6 Bb6 24. Bg4 Rd8 25. Kh1 d5 26. Bd7 Nc7 27. Bf4 Qa7 28. Qg2 Ne6 29. Bd6 Rxd7 30. Bxf8 Rd8 31. Be7 Rc8 32. Qxd5 Be3 33. Rcd1 Qb6 34. Rfe1 h5 35. Qd7 Ra8 36. Rd3 Bxg5 37. Rc3 Qf2 38. Rd1 Bf4 39. Rh3 Ng5 40. Qd3 Nxh3 41. Qxh3 Qc2 42. Rd5 Qb1+ 43. Kg2 Qxa2+ 44. Kg1 Qb1+ 45. Kg2 Qc2+ 46. Kh1 Qxc6 47. Qf3 Re8 48. Kg1 Qc1+ 49. Rd1 Qe3+ 50. Qxe3 Bxe3+ 51. Kg2 g5 52. Kf3 Bf4 53. h4 Kh7 54. hxg5 Bxg5 55. Rd6 Ra8 56. Rb6 Kg6 57. b4 Kf5 58. Rc6 Kg6 59. Rc5 a5 60. Rxb5 a4 61. Ra5 Rc8 62. Rxa4 Rc3+ 63. Kg2 Rb3 64. Ra8 h4 65. Rg8+ Kf5 66. Rg7 h3+ 67. Kh1 Bf4 68. Rg1 Rb2 69. Rf1 Kg4 70. Bc5 Bd2 71. Rd1 Bf4 72. Rg1+ Kh4 73. Rf1 1/2-1/2

[Event "FB23 2324 SC Bavaria Regensburg 1881 - S"]
[Site "?"]
[Date "2023.10.14"]
[Round "1.2"]
[White "Bardorz, Jana"]
[Black "Froehlich, Franziska"]
[Result "1/2-1/2"]
[WhiteElo "2073"]
[BlackElo "1895"]
[PlyCount "119"]
[EventDate "2023.??.??"]
[SourceVersion "1"]
[SourceVersionDate "2023.02.20"]
[SourceQuality "1"]

1. e4 e6 2. d4 d5 3. e5 c5 4. c3 Nc6 5. Nf3 Qb6 6. a3 Nh6 7. Bd3 Bd7 8. O-O cxd4 9. b4 Nf5 10. Bxf5 exf5 11. cxd4 Be7 12. Nc3 Be6 13. Bb2 O-O 14. Qd3 Rfc8 15. Rfc1 g5 16. Na4 Qd8 17. Nc5 b6 18. Nxe6 fxe6 19. Rc2 Qd7 20. Bc1 g4 21. Ne1 Nd8 22. Bd2 Nf7 23. Rac1 Ng5 24. h4 Ne4 25. g3 Rxc2 26. Qxc2 a5 27. Nd3 axb4 28. Bxb4 Bxb4 29. axb4 Ra3 30. Nf4 Rc3 31. Qb2 Rc4 32. Qa1 Nd2 33. Qa8+ Kg7 34. Rxc4 dxc4 35. Nh5+ Kh6 36. Nf6 Qf7 37. Qc6 Nf3+ 38. Kf1 Nxd4 39. Qxc4 Nf3 40. Qc1+ Kg7 41. Qc8 Nxe5 42. Ne8+ Kg6 43. Nc7 Nd7 44. Nb5 Nf6 45. Nd4 Nd7 46. Qc6 Kf6 47. Qc1 Qe7 48. Qh6+ Kf7 49. Qxh7+ Kf6 50. Qh8+ Kf7 51. Ke2 Nf6 52. Qc8 Ne4 53. Qc6 b5 54. Ke3 Kf6 55. Nxf5 Qxb4 56. Qxe4 Qe1+ 57. Kd3 Qb1+ 58. Ke3 Qe1+ 59. Kd3 Qb1+ 60. Ke3 1/2-1/2

[Event "FB23 2324 SC Bavaria Regensburg 1881 - S"]
[Site "?"]
[Date "2023.10.14"]
[Round "1.3"]
[White "Kobald, Jacqueline"]
[Black "Leuchsenring, Christina"]
[Result "1/2-1/2"]
[WhiteElo "1958"]
[BlackElo "1890"]
[PlyCount "54"]
[EventDate "2023.??.??"]
[SourceVersion "1"]
[SourceVersionDate "2023.02.20"]
[SourceQuality "1"]

1. e4 c5 2. Nf3 Nc6 3. d4 cxd4 4. Nxd4 Nf6 5. Nc3 e5 6. Ndb5 d6 7. Bg5 a6 8. Na3 Be7 9. Bxf6 Bxf6 10. Nd5 Be6 11. Nc4 O-O 12. c3 Bg5 13. Nxd6 Bxd5 14. Qxd5 Qf6 15. Be2 Ne7 16. Qc5 Rfd8 17. Rd1 b5 18. O-O Qe6 19. a4 Ng6 20. Nf5 Nf4 21. Bg4 h5 22. Bf3 g6 23. Ng3 Be7 24. Qe3 Bg5 25. Qc5 Be7 26. Qe3 Bg5 27. Qc5 Be7 1/2-1/2

[Event "FB23 2324 SC Bavaria Regensburg 1881 - S"]
[Site "?"]
[Date "2023.10.14"]
[Round "1.4"]
[White "Oberhofer, Marie"]
[Black "Erben, Larissa"]
[Result "1-0"]
[WhiteElo "1741"]
[BlackElo "1967"]
[PlyCount "59"]
[EventDate "2023.??.??"]
[SourceVersion "1"]
[SourceVersionDate "2023.02.20"]
[SourceQuality "1"]

1. e4 c5 2. Nf3 e6 3. d4 cxd4 4. Nxd4 Nc6 5. Be3 Qc7 6. Be2 a6 7. O-O Nf6 8. Nxc6 bxc6 9. Bd3 d5 10. exd5 cxd5 11. Nd2 Bd6 12. h3 O-O 13. c4 Bb7 14. Rc1 Qd7 15. cxd5 Bxd5 16. Nc4 Bc7 17. Bg5 Bxc4 18. Rxc4 Qd6 19. g3 Ne8 20. Qf3 f6 21. Bf4 e5 22. Rc6 Qb4 23. Qh5 f5 24. Bxf5 Rxf5 25. Qxf5 exf4 26. Qe6+ Kh8 27. Re1 Qf8 28. gxf4 Bxf4 29. Rc8 Bh2+ 30. Kg2 1-0

[Event "FB23 2324 SC Bavaria Regensburg 1881 - S"]
[Site "?"]
[Date "2023.10.14"]
[Round "1.5"]
[White "Lederer, Leia"]
[Black "Prinzen, Siri Marleen"]
[Result "1-0"]
[WhiteElo "1800"]
[BlackElo "1689"]
[PlyCount "97"]
[EventDate "2023.??.??"]
[SourceVersion "1"]
[SourceVersionDate "2023.02.20"]
[SourceQuality "1"]

1. e4 c6 2. d4 d5 3. e5 c5 4. c3 Nc6 5. Nf3 Bg4 6. Be2 e6 7. Be3 Bxf3 8. Bxf3 c4 9. O-O Nge7 10. Bg5 h6 11. Bf4 b5 12. Nd2 Nf5 13. Qc2 Qd7 14. Rfe1 Be7 15. Nf1 b4 16. Ne3 Nxe3 17. Bxe3 a5 18. Bg4 Rb8 19. f4 g6 20. Re2 Kd8 21. Rf1 Kc7 22. Rc1 b3 23. axb3 Rxb3 24. Ra1 Rhb8 25. Qc1 Kb6 26. Rf2 Ka6 27. Bd1 R3b6 28. Ba4 Qb7 29. Ra2 Qa7 30. Qa1 Bd8 31. f5 gxf5 32. Bxh6 Bc7 33. Kf1 Rh8 34. Bf4 Kb7 35. h3 Ne7 36. Bg5 Ng6 37. Bf6 Rh7 38. Bd7 Rb3 39. Ra3 Rxa3 40. Qxa3 Qb6 41. b3 Qa6 42. bxc4 Qxc4+ 43. Kg1 Bb6 44. Rb2 Ka7 45. Rxb6 Kxb6 46. Bd8+ Kb7 47. Qxa5 Qb3 48. Qc7+ Ka6 49. Bc8+ 1-0

[Event "FB23 2324 SC Bavaria Regensburg 1881 - S"]
[Site "?"]
[Date "2023.10.14"]
[Round "1.6"]
[White "Bauer, Laura Sophie"]
[Black "Haecker, Gabriele"]
[Result "1-0"]
[WhiteElo "1704"]
[BlackElo "1968"]
[PlyCount "78"]
[EventDate "2023.??.??"]
[SourceVersion "1"]
[SourceVersionDate "2023.02.20"]
[SourceQuality "1"]

1. e4 e5 2. Nf3 Nc6 3. Bb5 a6 4. Ba4 b5 5. Bb3 Be7 6. O-O Nf6 7. Re1 O-O 8. h3 d6 9. c3 Be6 10. d4 Bxb3 11. axb3 Qd7 12. Bg5 Rfe8 13. dxe5 Nh5 14. exd6 Qxd6 15. Qe2 Bxg5 16. Nxg5 Qg6 17. h4 h6 18. Nh3 Nf6 19. Nd2 Re5 20. f4 Rh5 21. Qf3 Rd8 22. f5 Qg4 23. Qxg4 Nxg4 24. Nf3 Nge5 25. Rxa6 Nxf3+ 26. gxf3 Ne5 27. Kg2 g5 28. hxg5 hxg5 29. Re2 Rd3 30. Ra8+ Kg7 31. Ng1 g4 32. Rf2 gxf3+ 33. Nxf3 Nxf3 34. Rxf3 Rg5+ 35. Kf2 Rd2+ 36. Ke3 Rxb2 37. f6+ Kh7 38. Rh3+ Kg6 39. Rg8+ Kxf6 1-0

[Event "FB23 2324 SG Augsburg 1873 - SV 1920 Ho"]
[Site "?"]
[Date "2023.10.15"]
[Round "2.1"]
[White "Kushka, Alena"]
[Black "Braun, Kristin"]
[Result "1-0"]
[WhiteElo "2172"]
[BlackElo "1932"]
[PlyCount "79"]
[EventDate "2023.??.??"]
[SourceVersion "1"]
[SourceVersionDate "2023.02.20"]
[SourceQuality "1"]

1. d4 Nf6 2. Nf3 g6 3. g3 Bg7 4. Bg2 d6 5. O-O O-O 6. Re1 c5 7. c3 cxd4 8. cxd4 d5 9. Nc3 Nc6 10. Ne5 Bf5 11. Nxc6 bxc6 12. Bf4 Qb6 13. Na4 Qb4 14. a3 Qb5 15. Rc1 Ne4 16. b3 Rac8 17. f3 Nf6 18. g4 Be6 19. e3 Nd7 20. Bf1 Qb7 21. b4 f6 22. Nc5 Nxc5 23. bxc5 Rce8 24. Rb1 Qa8 25. Ba6 Bc8 26. Rb8 Bxa6 27. Rxa8 Rxa8 28. e4 e5 29. exd5 exf4 30. dxc6 Bc4 31. d5 Rfd8 32. d6 Bf8 33. Qd4 Bb5 34. Qd5+ Kg7 35. d7 g5 36. Rc1 a6 37. c7 Bxc5+ 38. Qxc5 Rxd7 39. c8=Q Rxc8 40. Qxc8 1-0

[Event "FB23 2324 SG Augsburg 1873 - SV 1920 Ho"]
[Site "?"]
[Date "2023.10.15"]
[Round "2.2"]
[White "Horvath, Maria"]
[Black "Rieseler, Caroline"]
[Result "1/2-1/2"]
[WhiteElo "1863"]
[BlackElo "2107"]
[PlyCount "46"]
[EventDate "2023.??.??"]
[SourceVersion "1"]
[SourceVersionDate "2023.02.20"]
[SourceQuality "1"]

1. d4 Nf6 2. c4 g6 3. Nc3 d5 4. cxd5 Nxd5 5. Bd2 Bg7 6. e4 Nxc3 7. Bxc3 O-O 8. Be2 c5 9. d5 Bxc3+ 10. bxc3 Qd6 11. Nf3 Bg4 12. e5 Qc7 13. O-O Bxf3 14. Bxf3 Qxe5 15. d6 Nc6 16. Bxc6 bxc6 17. dxe7 Qxe7 18. Qf3 Qe6 19. Rfe1 Qd5 20. Qg3 Rad8 21. h4 c4 22. Re3 Rd7 23. Rae1 Qc5 1/2-1/2